MARC

LEADER 00000nam0a2200000 4500
001 159996
005 20231031155421.0
010 |a 5247023463 
020 |a RU  |b 92-4324 
035 |a (RuTPU)RU\TPU\book\173516 
090 |a 159996 
100 |a 20090516d1992 m y0rusy5003 ca 
101 0 |a rus 
102 |a RU 
105 |a a z 001zy 
200 1 |a Городской кадастр и его картографо-геодезическое обеспечение  |f В. И. Гладкий, В. А. Спиридонов 
210 |a Москва  |c Недра  |d 1992 
215 |a 254 с.  |c ил. 
320 |a Библиогр.: с. 250. 
610 1 |a городской кадастр 
610 1 |a картографо-геодезическое обеспечение 
610 1 |a кадастровые работы 
610 1 |a методическое обеспечение 
610 1 |a теоретическое обеспечение 
610 1 |a городские земли 
610 1 |a организационно-экономические аспекты 
675 |a 528.4  |v 3 
675 |a 528.94  |v 3 
700 1 |a Гладкий  |b В. И.  |g Валентин Иванович  |4 070 
701 1 |a Спиридонов  |b В. А.  |g Валерий Антонович  |4 070 
801 0 |a RU  |b RuMRKP  |c 19950417  |g psbo 
801 1 |a RU  |b 63413507  |c 20090516  |g PSBO 
801 2 |a RU  |b 63413507  |c 20110304  |g PSBO 
900 |a Городской кадастр 
942 |c BK